000 00475cam a22001337a 4500
008 180718b1966 xxu||||| |||| 00| 0 eng d
082 _aB253x54 In2
100 _aSanthanam, K.
245 _aConventions and proprieties of parliamentary democracy in India
_cby K. Santhanam
260 _aNew Delhi
_bIndian Institute of Public Administration
_c1966
300 _a101p.
650 _aIndia --Politics and government --1947.
700 _aIndian Institute of Public Administration
999 _c475716
_d475716